Statistiken für Buchstabenrätsel #2

Klicken Sie hier um das Quiz zu spielen!

Allgemein

  • Dieses Quiz wurde 2.118 mal gespielt
    (2.086 seit der letzten Aktualisierung)
  • Das Durchschnittsergebnis liegt bei 34 aus 38

Antwortstatistiken

TippAntwort% Korrekt
Man bezahlt mit ...Geld
100%
Schmuck ist manchmal aus ...Gold
100%
Sportart, bei der man ein "hole-in-one" erzielen kannGolf
99%
Waldtier, das in Rudeln lebtWolf
99%
Rapunzel war dort eingesperrtTurm
98%
GesichtsbehaarungBart
97%
Pfeile werden auf eine Scheibe geworfen, 180 ist die höchstmögliche PunktzahlDart
97%
nicht nahfern
97%
nicht weichhart
97%
nicht warmkalt
97%
Haben manche Früchte in der MitteKern
97%
Deutschland hat Zugang zur Ostsee und ...-seeNord
97%
Mehrere Buchstaben ergeben ein ...Wort
97%
nicht hierdort
96%
Auch ein blindes Huhn findet mal ein ...Korn
96%
Gewaltsamer / nicht natürlicher TodMord
96%
Man sieht den ... vor lauter Bäumen nichtWald
96%
Textverarbeitungsprogramm von MicrosoftWord
96%
Da ist wohl der ... drinWurm
96%
Stadt in der SchweizBern
95%
StoppHalt
95%
dritte Person Singular von "holen"holt
95%
180° Wendung (englisch) : u-...Turn
95%
Vorname von DisneyWalt
95%
in nicht allzu fernen Zukunftbald
94%
keine Tüte, sondern ein Einkaufs-...Korb
93%
KinderbetreuungseinrichtungHort
91%
Name des Bärs aus dem Dschungelbuch (Mogli)Balu
89%
Gruppe der Welpen einer HündinWurf
85%
Muster, um mit der Umgebung zu "verschmelzen"Tarn
84%
giftige Pflanze mit Wedelblättern (welche an Palmblätter erinnern)Farn
83%
Stoff, Gewebe mit gerippter Struktur (seltenere Schreibweise)Kord
81%
Star Trek Figur, Klingone, Sohn von MoghWorf
71%
Land im Norden AfrikasMali
69%
Vorname/Spitzname der Ministerpräsidentin von Rheinland-Pfalz (... Dreyer)Malu
67%
Vorname des Carrell, des Cerne und des VöllerRudi
60%
Kreuzung aus Pferdestute und EselhengstMuli
53%
Hunderasse mit StehohrenMudi
43%

Verteilung der Resultate

Perzentil nach korrekt beantworteten Fragen

Anzahl Personen mit jedem Resultat

Ihre Resultats-Entwicklung

Sie haben dieses Quiz seit der letzten Aktualisierung nicht gespielt